[Event "Server24Chess 2012"]
[Site "St. Ulrich"]
[Date "2012.06.08"]
[Round "7"]
[White "Schaefer, Mi1"]
[Black "Bianco, V."]
[Result "1/2-1/2"]
[WhiteElo "2179"]
[BlackElo "2132"]
[PlyCount "71"]
[EventDate "2012.06.??"]

1. g3 d5 2. Bg2 c6 3. d3 e5 4. Nf3 Bd6 5. O-O Nf6 6. c4 O-O 7. Nc3 d4 8. Ne4
Nxe4 9. dxe4 c5 10. Ne1 Nc6 11. Nd3 Be6 12. b3 a6 13. f4 f6 14. Bd2 b5 15. Nb2
Na5 16. Qc2 Rc8 17. f5 Bf7 18. g4 Be7 19. Rf3 Nc6 20. h4 Nb4 21. Qc1 bxc4 22.
bxc4 Rb8 23. Rg3 Kh8 24. g5 g6 25. Nd3 Nxd3 26. exd3 Rg8 27. Bh3 Qb6 28. Qf1
Qb2 29. Rg2 Qb6 30. fxg6 Bxg6 31. Bf5 fxg5 32. Bxg5 Bxg5 33. Rxg5 Rbf8 34. Rb1
Qf6 35. Bxg6 Rxg6 36. Qxf6+ 1/2-1/2

[Event "Server24Chess 2012"]
[Site "St. Ulrich"]
[Date "2012.06.08"]
[Round "7"]
[White "Zucchelli, M."]
[Black "Zier, O."]
[Result "0-1"]
[WhiteElo "2169"]
[BlackElo "2121"]
[PlyCount "74"]
[EventDate "2012.06.??"]

1. d4 d5 2. c4 e6 3. Nc3 Be7 4. Nf3 Nf6 5. Bg5 h6 6. Bh4 O-O 7. e3 b6 8. Bd3
Bb7 9. O-O Nbd7 10. cxd5 Nxd5 11. Bg3 c5 12. Rc1 N7f6 13. dxc5 Bxc5 14. Qe2
Nxc3 15. Rxc3 Ne4 16. Rc2 Qd5 17. Ba6 Rfd8 18. Bxb7 Qxb7 19. Rd1 Rd5 20. Rdc1
Rad8 21. Be5 Qd7 22. g3 Ng5 23. Nxg5 Rxe5 24. Nf3 Rd5 25. Kg2 a5 26. b3 f5 27.
e4 fxe4 28. Qxe4 Rf8 29. Ne5 Qd6 30. Re1 Rd4 31. Qc6 Rd2 32. Rxd2 Qxd2 33.
Qxe6+ Kh7 34. Qg6+ Kh8 35. Qe4 Rxf2+ 36. Kh3 Rxh2+ 37. Kg4 Qg5+ 0-1

[Event "Server24Chess 2012"]
[Site "St. Ulrich"]
[Date "2012.06.08"]
[Round "7"]
[White "Moroder, S."]
[Black "Curien, N."]
[Result "1/2-1/2"]
[WhiteElo "2129"]
[BlackElo "2235"]
[PlyCount "101"]
[EventDate "2012.06.??"]

1. c4 e6 2. d4 d5 3. Nc3 c6 4. e4 Bb4 5. e5 Ne7 6. a3 Bxc3+ 7. bxc3 c5 8. dxc5
Qa5 9. Nf3 Nbc6 10. Qb3 d4 11. Bd2 Qxc5 12. Qb5 Qxb5 13. cxb5 dxc3 14. Bxc3 Nd5
15. Bd2 Nce7 16. Bd3 h6 17. h4 b6 18. Ke2 Bb7 19. Rhc1 Kd7 20. g3 Rhc8 21. h5
Rc7 22. Rxc7+ Nxc7 23. Be3 Ned5 24. Bd4 a6 25. a4 axb5 26. axb5 Rxa1 27. Bxa1
Nb4 28. Nd4 Nxd3 29. Kxd3 Nxb5 30. Nxb5 Ba6 31. Ke3 Bxb5 32. Bc3 Ba4 33. Bb4
Ke8 34. Ke2 Bc2 35. f3 Bb3 36. g4 Bc4+ 37. Kf2 Bd3 38. Ke3 Bc2 39. Kd2 Ba4 40.
Ke2 Bb3 41. Ke1 Ba2 42. Ke2 Bb1 43. Ke1 g6 44. Bd2 gxh5 45. gxh5 Kd7 46. Bxh6
Kc6 47. Bg7 Kd5 48. Kd2 Kd4 49. Kc1 Bf5 50. Kb2 Ke3 51. Kb3 1/2-1/2

[Event "Server24Chess 2012"]
[Site "St. Ulrich"]
[Date "2012.06.08"]
[Round "7"]
[White "Van Foreest, Jorden"]
[Black "Roesch, Mario"]
[Result "0-1"]
[WhiteElo "2175"]
[BlackElo "1980"]
[PlyCount "88"]
[EventDate "2012.06.??"]

1. c4 Nf6 2. g3 g6 3. Bg2 Bg7 4. Nc3 O-O 5. Nf3 d6 6. O-O e5 7. d3 Re8 8. Rb1
a5 9. a3 c6 10. b4 axb4 11. axb4 d5 12. cxd5 cxd5 13. d4 e4 14. Ne5 Nc6 15.
Nxc6 bxc6 16. Qc2 Bf5 17. Be3 Qd7 18. Na4 Rab8 19. Qc3 Bh3 20. Rfc1 Bxg2 21.
Kxg2 Qf5 22. Bf4 Rbd8 23. h3 g5 24. Be3 h5 25. Qd2 h4 26. g4 Nxg4 27. hxg4
Qxg4+ 28. Kh2 Qf5 29. Bxg5 Qxf2+ 30. Kh1 e3 31. Qe1 Qf5 32. Qg1 f6 33. Bxh4
Qe4+ 34. Qg2 Qxh4+ 35. Qh2 Qxd4 36. Nc5 Kf7 37. Rg1 f5 38. Qh5+ Ke7 39. Qxf5
Rh8+ 40. Kg2 Qe5 41. Qxe5+ Bxe5 42. Rb3 Rhg8+ 43. Kh1 Rh8+ 44. Kg2 Rdf8 0-1

[Event "Server24Chess 2012"]
[Site "St. Ulrich"]
[Date "2012.06.08"]
[Round "7"]
[White "Simeone, G."]
[Black "Akshat, Chandra"]
[Result "0-1"]
[WhiteElo "1972"]
[BlackElo "2146"]
[PlyCount "58"]
[EventDate "2012.06.??"]

1. c4 Nf6 2. Nc3 d5 3. cxd5 Nxd5 4. d4 g6 5. g3 Bg7 6. Bg2 Nxc3 7. bxc3 O-O 8.
Rb1 Nc6 9. Nh3 Na5 10. O-O c6 11. Nf4 e5 12. dxe5 Bxe5 13. Ba3 Re8 14. Qa4 Qc7
15. Rfd1 b5 16. Qc2 Nc4 17. Bc5 Bxf4 18. gxf4 Qxf4 19. Bxc6 Bf5 20. Qc1 Qg4+
21. Kh1 Be4+ 22. Bxe4 Qxe4+ 23. Kg1 Qg4+ 24. Kh1 Rxe2 25. Qh6 Qe4+ 26. Kg1 Nd2
27. Rxd2 Qxb1+ 28. Kg2 Qe4+ 29. Kh3 Qf3+ 0-1

[Event "Server24Chess 2012"]
[Site "St. Ulrich"]
[Date "2012.06.08"]
[Round "7"]
[White "De Napoli, G."]
[Black "Viviani, A."]
[Result "1/2-1/2"]
[WhiteElo "2057"]
[BlackElo "2094"]
[PlyCount "102"]
[EventDate "2012.06.??"]

1. d4 Nf6 2. Nf3 g6 3. Nc3 d5 4. Bf4 Bg7 5. h3 c5 6. e3 O-O 7. Be2 cxd4 8. exd4
Nc6 9. O-O Ne4 10. Ne5 Nxc3 11. bxc3 Nxe5 12. Bxe5 Bxe5 13. dxe5 Be6 14. Qd4
Qa5 15. Rfb1 Qc7 16. Rb3 f6 17. exf6 Rxf6 18. Bf3 Rf4 19. Rxb7 Qd6 20. Qe3 a5
21. Rd1 Ra6 22. Qxe6+ Qxe6 23. Bxd5 Qxd5 24. Rxd5 Re4 25. Rd4 Re1+ 26. Kh2 Kf7
27. Rf4+ Kg7 28. a4 Re2 29. Rb5 Rxc2 30. c4 Rc6 31. Rxa5 R2xc4 32. Rxc4 Rxc4
33. g4 Rc3 34. Re5 Kf6 35. Ra5 Ra3 36. f4 Kf7 37. Kg2 Ke6 38. h4 Kf6 39. h5
gxh5 40. gxh5 Kg7 41. Ra6 Kf7 42. a5 e6 43. Ra7+ Kf6 44. a6 Kf5 45. Rf7+ Kg4
46. a7 Ra2+ 47. Kf1 Kxh5 48. Rxh7+ Kg6 49. Rb7 Kf5 50. Rf7+ Ke4 51. Rf6 Kd5
1/2-1/2

[Event "Server24Chess 2012"]
[Site "St. Ulrich"]
[Date "2012.06.08"]
[Round "7"]
[White "Bernardi, R."]
[Black "Turrin, O."]
[Result "0-1"]
[WhiteElo "2149"]
[BlackElo "2036"]
[PlyCount "162"]
[EventDate "2012.06.??"]

1. e4 e5 2. Nf3 Nf6 3. Nc3 Nc6 4. g3 Bc5 5. Bg2 d6 6. O-O a6 7. d3 h6 8. Be3
Ba7 9. Qd2 Be6 10. d4 exd4 11. Nxd4 Nxd4 12. Bxd4 Bxd4 13. Qxd4 O-O 14. Rad1
Qc8 15. f4 Bh3 16. e5 Bxg2 17. Kxg2 Ne8 18. Rf2 Qe6 19. Qe4 Rb8 20. b3 f5 21.
Qd5 Qxd5+ 22. Nxd5 Kf7 23. exd6 Nxd6 24. Nxc7 Ne4 25. Rd7+ Kg6 26. Rf3 Rbc8 27.
Re3 Nf6 28. Rde7 Rf7 29. Rxf7 Kxf7 30. Rc3 Ne4 31. Rc4 Nd6 32. Rc5 g6 33. a4
Ne4 34. Rc4 Nd6 35. Rd4 Rxc7 36. Rxd6 Rxc2+ 37. Kh3 Rc7 38. Kh4 Kg7 39. Rb6 Rd7
40. h3 Re7 41. g4 fxg4 42. hxg4 Rf7 43. Rb4 Rd7 44. a5 Kf6 45. Rb6+ Kg7 46. b4
Rf7 47. Kg3 Rc7 48. Kh3 Rc3+ 49. Kh4 Rc7 50. Rd6 Rf7 51. Kg3 Rc7 52. Rb6 Rc3+
53. Kh4 Rc7 54. f5 gxf5 55. gxf5 Rf7 56. Kg4 Rd7 57. Rg6+ Kf7 58. Rxh6 Rd4+ 59.
Kg5 Rxb4 60. Rh7+ Kg8 61. Rc7 Rb1 62. Kg6 Rg1+ 63. Kf6 Rb1 64. Rc8+ Kh7 65. Ke7
b5 66. Kf8 Rf1 67. Rc5 b4 68. Kf7 b3 69. f6 Kh6 70. Rc3 b2 71. Rh3+ Kg5 72.
Rg3+ Kf5 73. Kg7 b1=Q 74. f7 Qb7 75. Kg8 Qd5 76. Kh8 Rh1+ 77. Kg8 Rf1 78. Rg7
Kf6 79. Kh8 Qxf7 80. Rg6+ Ke7 81. Rg1 Qh5+ 0-1

[Event "Server24Chess 2012"]
[Site "St. Ulrich"]
[Date "2012.06.08"]
[Round "7"]
[White "Kottenhoff, Roland"]
[Black "Villa, G."]
[Result "0-1"]
[WhiteElo "2138"]
[BlackElo "1936"]
[PlyCount "68"]
[EventDate "2012.06.??"]

1. e4 c6 2. d4 d5 3. exd5 cxd5 4. Bd3 Nf6 5. Bf4 Nc6 6. c3 e6 7. Nh3 Bd6 8.
Bxd6 Qxd6 9. f4 a6 10. Nd2 Bd7 11. O-O O-O 12. Qe2 Ne7 13. Rae1 b5 14. g4 b4
15. g5 Ne8 16. Ne4 dxe4 17. Qxe4 f5 18. Qxa8 Bc6 19. Qa7 Qd5 20. Be4 fxe4 21.
c4 Qf5 22. Re3 Qf7 23. Qc5 Nf5 24. Rb3 Ba4 25. Rxb4 Qh5 26. Nf2 e3 27. Rxa4
exf2+ 28. Kxf2 Qxh2+ 29. Ke1 Qxb2 30. Qa3 Qa1+ 31. Kf2 Qxd4+ 32. Ke2 Qe4+ 33.
Kd2 Qg2+ 34. Ke1 Ng3 0-1

[Event "Server24Chess 2012"]
[Site "St. Ulrich"]
[Date "2012.06.08"]
[Round "7"]
[White "Trefzer, E."]
[Black "Giuriato, S."]
[Result "1-0"]
[WhiteElo "2052"]
[BlackElo "1994"]
[PlyCount "119"]
[EventDate "2012.06.??"]

1. e4 Nc6 2. d4 d5 3. exd5 Qxd5 4. Nf3 e5 5. Be3 e4 6. c4 Qh5 7. Nfd2 Qxd1+ 8.
Kxd1 Bg4+ 9. Kc1 Nf6 10. Nc3 Bf5 11. Be2 Bb4 12. Kc2 O-O 13. Nb3 a5 14. Na4 Be7
15. a3 Rfd8 16. Rad1 Ng4 17. Bxg4 Bxg4 18. Rd2 b6 19. h3 Bd7 20. Nc3 a4 21. Nc1
Na5 22. Nd5 Bf8 23. Kb1 Nxc4 24. Rc2 b5 25. Nxc7 Rac8 26. Na6 Bxa3 27. Rxc4
bxc4 28. bxa3 Be6 29. Kc2 Bd5 30. Nc5 f5 31. Ne2 Bf7 32. Rb1 Rb8 33. Rxb8 Rxb8
34. h4 Bh5 35. Nc3 Be8 36. g3 Kf7 37. Nd5 h6 38. Kc3 Bb5 39. Nc7 Ke7 40. Nxb5
Rxb5 41. Kxc4 Rb1 42. Nxa4 Ra1 43. Kb3 Ke6 44. Nc3 Kd7 45. a4 Rf1 46. Kc4 g5
47. hxg5 hxg5 48. Bxg5 Rxf2 49. d5 Rf3 50. Bf4 Rf1 51. a5 Ra1 52. Kb4 Kc8 53.
Nb5 Kd7 54. Na3 Rf1 55. a6 Kc8 56. Nc4 Rb1+ 57. Kc5 Ra1 58. Nb6+ Kd8 59. Bg5+
Ke8 60. d6 1-0

[Event "Server24Chess 2012"]
[Site "St. Ulrich"]
[Date "2012.06.08"]
[Round "7"]
[White "Rubini, A."]
[Black "Van Foreest, Lucas"]
[Result "0-1"]
[WhiteElo "1926"]
[BlackElo "1960"]
[PlyCount "110"]
[EventDate "2012.06.??"]

1. e4 e5 2. Nf3 Nc6 3. Bc4 Bc5 4. O-O Nf6 5. Nc3 d6 6. h3 a6 7. a3 Be6 8. Bxe6
fxe6 9. Re1 O-O 10. d3 d5 11. Bg5 Qd6 12. Qd2 h6 13. Bh4 Rf7 14. Bg3 d4 15. Nb1
Nh5 16. Bh2 Nf4 17. Qd1 Raf8 18. Nbd2 b5 19. a4 Bb4 20. axb5 axb5 21. Ra6 Bxd2
22. Nxd2 Qd7 23. f3 Nb4 24. Ra1 Qc6 25. Rc1 Qb6 26. Kh1 Ra8 27. Nb3 c5 28. Bxf4
exf4 29. c3 Na2 30. Ra1 Rfa7 31. Qb1 e5 32. cxd4 cxd4 33. Nc1 Nb4 34. Rxa7 Qxa7
35. Nb3 Qa2 36. Nc5 Rc8 37. Qxa2+ Nxa2 38. Nb7 Nb4 39. Rd1 Rc2 40. Nd6 Rxb2 41.
Nxb5 Nxd3 42. Rxd3 Rb1+ 43. Kh2 Rxb5 44. h4 h5 45. g3 Rb2+ 46. Kh3 Re2 47. Rd1
Re3 48. Kg2 d3 49. gxf4 exf4 50. Kf2 Kh7 51. Kg2 Kg6 52. Kf2 Kf6 53. Kg2 Ke5
54. Kf2 Kd4 55. Re1 d2 0-1

[Event "Server24Chess 2012"]
[Site "St. Ulrich"]
[Date "2012.06.08"]
[Round "7"]
[White "Schnell, F."]
[Black "Lasinskas, P."]
[Result "0-1"]
[WhiteElo "1920"]
[BlackElo "2194"]
[PlyCount "58"]
[EventDate "2012.06.??"]

1. d4 Nf6 2. Nf3 g6 3. Bg5 Bg7 4. c3 d5 5. e3 O-O 6. Nbd2 c6 7. Bd3 Nfd7 8. Bf4
f6 9. Bc2 e5 10. dxe5 fxe5 11. Bg5 Qe8 12. O-O Na6 13. e4 Nc7 14. Re1 Ne6 15.
exd5 Nxg5 16. Nxg5 cxd5 17. Nb3 Nb6 18. Nc5 Qe7 19. Nge4 dxe4 20. Nxe4 Bf5 21.
Bb3+ Kh8 22. Qe2 Rad8 23. Rad1 Rxd1 24. Rxd1 Rd8 25. Rxd8+ Qxd8 26. h3 h5 27.
Ng3 Qd3 28. Qe1 Qb1 29. Bd1 Bc2 0-1

[Event "Server24Chess 2012"]
[Site "St. Ulrich"]
[Date "2012.06.08"]
[Round "7"]
[White "Lehnert, M."]
[Black "Blaeser, R."]
[Result "1/2-1/2"]
[WhiteElo "2026"]
[BlackElo "1991"]
[PlyCount "37"]
[EventDate "2012.06.??"]

1. c4 g6 2. g3 Bg7 3. Bg2 c5 4. Nc3 Nc6 5. e3 b6 6. Nge2 Bb7 7. d4 Rb8 8. d5
Na5 9. Qd3 d6 10. O-O Nf6 11. e4 O-O 12. f4 Nd7 13. Be3 a6 14. a3 b5 15. cxb5
c4 16. Qc2 axb5 17. Rad1 Ba8 18. Na2 Nc5 19. Nb4 1/2-1/2

[Event "Server24Chess 2012"]
[Site "St. Ulrich"]
[Date "2012.06.09"]
[Round "8"]
[White "Petkov, V."]
[Black "Baklan, V."]
[Result "1/2-1/2"]
[WhiteElo "2512"]
[BlackElo "2612"]
[PlyCount "25"]
[EventDate "2012.06.??"]

1. d4 Nf6 2. c4 g6 3. Nc3 Bg7 4. e4 d6 5. h3 O-O 6. Nf3 e5 7. dxe5 dxe5 8. Qxd8
Rxd8 9. Bg5 Nbd7 10. O-O-O Rf8 11. Nd5 c6 12. Ne7+ Kh8 13. Be3 1/2-1/2

[Event "Server24Chess 2012"]
[Site "St. Ulrich"]
[Date "2012.06.09"]
[Round "8"]
[White "Gleizerov, E."]
[Black "Gretarsson, Hj"]
[Result "1-0"]
[WhiteElo "2570"]
[BlackElo "2477"]
[PlyCount "93"]
[EventDate "2012.06.??"]

1. d4 Nf6 2. c4 e6 3. g3 c5 4. d5 exd5 5. cxd5 d6 6. Nc3 g6 7. Nf3 Bg7 8. Bg2
O-O 9. O-O a6 10. a4 Re8 11. Bf4 Nh5 12. Bg5 Qc7 13. Rc1 Nd7 14. b4 b6 15. b5
a5 16. Re1 Bb7 17. e4 h6 18. Bd2 Re7 19. Nh4 Ne5 20. Bf1 Nf6 21. f4 Ned7 22.
Bg2 Nf8 23. h3 Rae8 24. Kh2 N6h7 25. Nb1 Bc8 26. Qc2 g5 27. Nf3 g4 28. Nh4 Bf6
29. Na3 gxh3 30. Bf3 Ng6 31. Nxg6 fxg6 32. Nc4 Qd8 33. e5 Bf5 34. Qb3 dxe5 35.
fxe5 Bg5 36. Bf4 Bxf4 37. gxf4 Rd7 38. Ne3 Qh4 39. Nxf5 gxf5 40. Rg1+ Kh8 41.
Qe3 Nf6 42. e6 Rd6 43. Rg3 Rg8 44. Rxh3 Ng4+ 45. Bxg4 Qxg4 46. Rxh6+ Kg7 47.
Rg1 1-0

[Event "Server24Chess 2012"]
[Site "St. Ulrich"]
[Date "2012.06.09"]
[Round "8"]
[White "Baron, Ta"]
[Black "Arun Prasad, S."]
[Result "0-1"]
[WhiteElo "2467"]
[BlackElo "2519"]
[PlyCount "149"]
[EventDate "2012.06.??"]

1. e4 c5 2. Nf3 d6 3. d4 cxd4 4. Nxd4 Nf6 5. Nc3 a6 6. f4 e6 7. Qf3 Qc7 8. Bd3
b5 9. g4 Bb7 10. Be3 Nc6 11. O-O-O Be7 12. Kb1 Nd7 13. g5 Nxd4 14. Bxd4 b4 15.
Ne2 e5 16. Be3 exf4 17. Qxf4 Ne5 18. Nd4 g6 19. Nf3 O-O 20. Bd4 f6 21. Bxe5
fxe5 22. Qg3 Rf4 23. h4 Raf8 24. Nd2 Qc5 25. h5 Qf2 26. Bc4+ Kg7 27. Qd3 Bc8
28. hxg6 hxg6 29. Nb3 Bg4 30. Rd2 Qf3 31. Rdh2 Bh5 32. Qd5 Qxe4 33. Qe6 Bxg5
34. Qd7+ Kh6 35. Qxd6 R8f6 36. Qd8 Rf8 37. Qd6 R8f6 38. Qd8 Rf1+ 39. Nc1 Rf8
40. Qd6 Rxc1+ 41. Rxc1 Rd8 42. Qc7 Qd4 43. Rhh1 Bxc1 44. Rxc1 Qd6 45. Qa7 Qd2
46. b3 Qd4 47. Qf7 a5 48. Rh1 Qf4 49. Qc7 Rd1+ 50. Rxd1 Bxd1 51. Qxa5 Qf5 52.
Bd3 e4 53. Qxb4 exd3 54. Qd2+ g5 55. Qxd1 g4 56. cxd3 g3 57. Qd2+ Kh5 58. Qe2+
Kh4 59. Qg2 Kg4 60. Qc6 Qf1+ 61. Kb2 g2 62. Qg6+ Kf4 63. Qf6+ Ke3 64. Qe5+ Kf2
65. Qc5+ Kg3 66. Qg5+ Kh2 67. Qh6+ Kg1 68. Ka3 Qxd3 69. Qf4 Qa6+ 70. Kb4 Qxa2
71. Qc1+ Kf2 72. Qf4+ Ke2 73. Qg4+ Ke1 74. Qe4+ Kd1 75. Qg6 0-1

[Event "Server24Chess 2012"]
[Site "St. Ulrich"]
[Date "2012.06.09"]
[Round "8"]
[White "Ulibin, M."]
[Black "Okhotnik, V."]
[Result "1-0"]
[WhiteElo "2519"]
[BlackElo "2463"]
[PlyCount "87"]
[EventDate "2012.06.??"]

1. d4 d5 2. c4 dxc4 3. e3 e5 4. Bxc4 exd4 5. exd4 Bd6 6. Nf3 Nf6 7. O-O O-O 8.
Nc3 Nc6 9. h3 h6 10. Be3 Bf5 11. Nh4 Bh7 12. Qf3 Bb4 13. Nf5 Bxf5 14. Qxf5 Nxd4
15. Qg6 Bxc3 16. bxc3 Nd5 17. Qe4 Nxe3 18. fxe3 Nc6 19. Rxf7 Rxf7 20. Rf1 Kh8
21. Rxf7 Qe8 22. Bd3 Qxe4 23. Bxe4 Re8 24. Bxc6 bxc6 25. Kf2 Re5 26. Rxc7 Rc5
27. Rxa7 Rxc3 28. a4 Kh7 29. a5 Ra3 30. a6 c5 31. e4 c4 32. Ke2 Ra4 33. Kd2 Ra3
34. Ra8 Kg6 35. e5 Rd3+ 36. Kc2 Rd7 37. Kc3 Rc7 38. Rb8 Kf5 39. Rb7 Rc6 40. a7
Ra6 41. Kxc4 g5 42. Kd5 Ra5+ 43. Kd6 Ra6+ 44. Kc7 1-0

[Event "Server24Chess 2012"]
[Site "St. Ulrich"]
[Date "2012.06.09"]
[Round "8"]
[White "Rotstein, A."]
[Black "Mogranzini, R."]
[Result "1/2-1/2"]
[WhiteElo "2512"]
[BlackElo "2461"]
[PlyCount "104"]
[EventDate "2012.06.??"]

1. g3 Nf6 2. Bg2 d6 3. e4 e5 4. Nc3 Be7 5. Nge2 O-O 6. O-O c6 7. d4 b5 8. h3 b4
9. Na4 a5 10. dxe5 dxe5 11. Qxd8 Bxd8 12. Be3 Ba6 13. Rfe1 Nbd7 14. Rad1 Bb5
15. Nc5 Nxc5 16. Bxc5 Re8 17. Nc1 Bc4 18. Rd2 Bc7 19. Red1 Rad8 20. Rxd8 Rxd8
21. Rxd8+ Bxd8 22. Bd6 Nd7 23. Bf1 Bxf1 24. Kxf1 f6 25. Nd3 Kf7 26. Nc5 Ke8 27.
Ne6 g6 28. Nxd8 Kxd8 29. Ke2 Kc8 30. Kd3 Kb7 31. Kc4 Nb6+ 32. Kb3 Nd7 33. Be7
f5 34. exf5 gxf5 35. Kc4 Kc7 36. Bc5 h5 37. Be3 Nf6 38. f3 Nd5 39. Bd2 Nb6+ 40.
Kd3 c5 41. b3 Kd6 42. c4 bxc3 43. Bxc3 a4 44. bxa4 c4+ 45. Kd2 Nxa4 46. g4 fxg4
47. fxg4 hxg4 48. hxg4 Kd5 49. Kc2 Ke4 50. Bd2 Kd5 51. Kd1 Ke4 52. Ke2 Nc5
1/2-1/2

[Event "Server24Chess 2012"]
[Site "St. Ulrich"]
[Date "2012.06.09"]
[Round "8"]
[White "Friedrich, N."]
[Black "Sulskis, S."]
[Result "0-1"]
[WhiteElo "2309"]
[BlackElo "2586"]
[PlyCount "86"]
[EventDate "2012.06.??"]

1. e4 e5 2. Nf3 Nc6 3. Bb5 Nge7 4. O-O d6 5. d4 a6 6. Bc4 b5 7. Bb3 exd4 8. Ng5
Ne5 9. f4 Nc4 10. Bxc4 bxc4 11. Qxd4 f6 12. Nf3 Be6 13. Nc3 Qb8 14. Be3 Qb7 15.
Rad1 Qxb2 16. Rb1 Qxc2 17. Bd2 d5 18. Ne1 Qxb1 19. Nxb1 Nc6 20. Qf2 d4 21. Nf3
O-O-O 22. Kh1 Bc5 23. f5 Bf7 24. Bf4 Bb6 25. e5 Bd5 26. e6 g5 27. Bg3 h5 28. h4
c3 29. Qe2 Kb7 30. Ne1 Rhg8 31. Qd1 Be4 32. Rf2 Nb4 33. Na3 d3 34. Nc4 gxh4 35.
Nxb6 hxg3 36. Rf4 c2 37. Qd2 Nxa2 38. e7 c1=Q 39. Qxc1 Nxc1 40. exd8=Q Rxd8 41.
Nc4 d2 42. Nxd2 Rxd2 43. Rxe4 Rd1 0-1

[Event "Server24Chess 2012"]
[Site "St. Ulrich"]
[Date "2012.06.09"]
[Round "8"]
[White "Fierro Baquero, M."]
[Black "Bruno, Fabi"]
[Result "1-0"]
[WhiteElo "2377"]
[BlackElo "2447"]
[PlyCount "121"]
[EventDate "2012.06.??"]

1. e4 c5 2. Nf3 e6 3. g3 b6 4. Bg2 Bb7 5. Qe2 d6 6. d4 cxd4 7. Nxd4 a6 8. O-O
Nd7 9. c4 Rc8 10. b3 Qc7 11. Bb2 Ngf6 12. Nc3 Be7 13. Rac1 O-O 14. Rfd1 Rfe8
15. g4 g6 16. Rd3 Bf8 17. g5 Nh5 18. Qe3 Qb8 19. Nde2 b5 20. cxb5 axb5 21. Qd4
Ne5 22. Rdd1 Nc6 23. Qb6 Nb4 24. Nxb5 Rxc1 25. Nxc1 d5 26. Nc7 Rc8 27. Nxe6 Rc6
28. Qd4 fxe6 29. Qh8+ Kf7 30. exd5 exd5 31. Nd3 Nxd3 32. Bxd5+ Re6 33. Qxh7+
Bg7 34. Bxe6+ Kxe6 35. Qxg6+ Bf6 36. Rxd3 Qf4 37. Re3+ Kd5 38. Qxh5 Bxb2 39.
g6+ Kd6 40. g7 Bxg7 41. Qg6+ Bf6 42. Qg3 Be5 43. Qxf4 Bxf4 44. Re8 Bd5 45. h4
Kd7 46. Re1 Bf3 47. a4 Bd2 48. Re5 Kd6 49. Rb5 Be2 50. Rb8 Kc7 51. Rg8 Bf4 52.
b4 Bd1 53. b5 Be2 54. Rg6 Kb7 55. Re6 Bh5 56. a5 Bd2 57. a6+ Ka7 58. Re7+ Ka8
59. b6 Ba5 60. b7+ Ka7 61. Re5 1-0

[Event "Server24Chess 2012"]
[Site "St. Ulrich"]
[Date "2012.06.09"]
[Round "8"]
[White "Schaefer, Mi1"]
[Black "Saravanan, V1."]
[Result "1/2-1/2"]
[WhiteElo "2179"]
[BlackElo "2401"]
[PlyCount "46"]
[EventDate "2012.06.??"]

1. d4 Nf6 2. c4 g6 3. Nc3 Bg7 4. Bf4 O-O 5. e3 d6 6. h3 Nbd7 7. Nf3 b6 8. Be2
Bb7 9. d5 e6 10. dxe6 fxe6 11. O-O Nc5 12. Rc1 Nfe4 13. Nxe4 Nxe4 14. Qc2 Qf6
15. Rb1 e5 16. Bh2 Rae8 17. b4 Bh6 18. Kh1 Ng5 19. Nxg5 Qxg5 20. e4 Qh4 21. f3
c5 22. Qd3 Rd8 23. Rfd1 Qe7 1/2-1/2

[Event "Server24Chess 2012"]
[Site "St. Ulrich"]
[Date "2012.06.09"]
[Round "8"]
[White "Bianco, V."]
[Black "Solomon, K."]
[Result "0-1"]
[WhiteElo "2132"]
[BlackElo "2429"]
[PlyCount "92"]
[EventDate "2012.06.??"]

1. e4 c5 2. c3 Nf6 3. e5 Nd5 4. d4 cxd4 5. cxd4 e6 6. Nc3 d6 7. f4 dxe5 8. fxe5
Bb4 9. Nge2 O-O 10. Bd2 Nc6 11. Nxd5 Bxd2+ 12. Qxd2 Qxd5 13. a3 Rd8 14. Rd1 Qe4
15. h4 b6 16. Rh3 Ba6 17. Qe3 Qxe3 18. Rxe3 Bxe2 19. Bxe2 Rxd4 20. Rxd4 Nxd4
21. Rc3 a5 22. Bf3 Rd8 23. Be4 f5 24. exf6 gxf6 25. Rc7 f5 26. Bb1 Rd6 27. Ba2
h6 28. h5 Nc6 29. Bb3 Nd8 30. Ke2 Kf8 31. Ra7 Nc6 32. Ra8+ Rd8 33. Rxd8+ Nxd8
34. Kd3 Ke7 35. Ba4 Nb7 36. b4 axb4 37. axb4 Nd6 38. Bc6 e5 39. g3 Kf6 40. Ke3
Kg5 41. Bf3 Nb5 42. Kd2 Nd6 43. Ke3 Nc4+ 44. Kf2 Nd2 45. Bd1 Ne4+ 46. Kg2 Nc3
0-1

[Event "Server24Chess 2012"]
[Site "St. Ulrich"]
[Date "2012.06.09"]
[Round "8"]
[White "Akshat, Chandra"]
[Black "Bertagnolli, A."]
[Result "1-0"]
[WhiteElo "2146"]
[BlackElo "2370"]
[PlyCount "83"]
[EventDate "2012.06.??"]

1. e4 c5 2. Nf3 d6 3. d4 cxd4 4. Nxd4 Nf6 5. Nc3 a6 6. Be3 e5 7. Nde2 Qc7 8.
Ng3 Nbd7 9. a4 h5 10. Be2 h4 11. Nh5 d5 12. Nxf6+ Nxf6 13. exd5 Bb4 14. O-O h3
15. g3 O-O 16. Na2 Bd6 17. c4 b5 18. c5 Rd8 19. cxd6 Rxd6 20. Nb4 a5 21. axb5
Bb7 22. Rc1 Qd7 23. Nc6 Rxd5 24. Qc2 Re8 25. Rfd1 Qe6 26. Bc4 Qg4 27. Qe2 Qe4
28. Bxd5 Nxd5 29. Qf1 Qf3 30. Qxh3 Nxe3 31. Rd3 Qf5 32. Qxf5 Nxf5 33. Nxa5 Be4
34. Rdc3 Re6 35. f3 Bd5 36. Nc6 Nd6 37. b6 Nb7 38. Kf2 e4 39. Nb4 Re5 40. Nxd5
Rxd5 41. Rc7 Nd6 42. b7 1-0

[Event "Server24Chess 2012"]
[Site "St. Ulrich"]
[Date "2012.06.09"]
[Round "8"]
[White "Roesch, Mario"]
[Black "Dittmar, P."]
[Result "0-1"]
[WhiteElo "1980"]
[BlackElo "2297"]
[PlyCount "100"]
[EventDate "2012.06.??"]

1. e4 e6 2. d4 d5 3. exd5 exd5 4. c4 Bb4+ 5. Nc3 Ne7 6. Nf3 O-O 7. Be2 Nbc6 8.
O-O Bg4 9. c5 Bxc3 10. bxc3 b6 11. Ba3 Re8 12. c4 Na5 13. cxb6 axb6 14. Bxe7
Qxe7 15. Re1 dxc4 16. h3 Bxf3 17. Bxf3 Qxe1+ 18. Qxe1 Rxe1+ 19. Rxe1 Rd8 20.
Re7 c6 21. Rc7 Kf8 22. Bxc6 Rxd4 23. Bb5 Rd1+ 24. Kh2 Rc1 25. Kg3 g6 26. Kf3
Rc2 27. Ke3 Rxa2 28. Bxc4 Nxc4+ 29. Rxc4 Ra8 30. Rb4 Rb8 31. Kd4 Ke7 32. Kc4
Rc8+ 33. Kd4 Rc6 34. Rb3 h5 35. g3 Rf6 36. Ke4 Kd7 37. f4 Kc6 38. g4 Re6+ 39.
Kf3 hxg4+ 40. hxg4 b5 41. f5 gxf5 42. gxf5 Rh6 43. Ke4 f6 44. Rg3 Rh4+ 45. Kf3
Kd5 46. Rg1 Ke5 47. Kg3 Rc4 48. Rf1 b4 49. Rf2 b3 50. Rb2 Rb4 0-1

[Event "Server24Chess 2012"]
[Site "St. Ulrich"]
[Date "2012.06.09"]
[Round "8"]
[White "Molina, Fa"]
[Black "De Napoli, G."]
[Result "1-0"]
[WhiteElo "2269"]
[BlackElo "2057"]
[PlyCount "89"]
[EventDate "2012.06.??"]

1. d4 Nf6 2. c4 g6 3. f3 d6 4. e4 Bg7 5. Nc3 O-O 6. Nge2 e5 7. d5 Ne8 8. Be3 f5
9. Qd2 f4 10. Bf2 c6 11. Nc1 a6 12. c5 Rf7 13. Bc4 b5 14. cxb6 c5 15. Nd3 Nd7
16. Na4 a5 17. Bb5 Ba6 18. Qxa5 Bb7 19. Qd2 Nxb6 20. Bxe8 Qxe8 21. Nxb6 Rb8 22.
Nc4 Bf8 23. O-O g5 24. g4 h5 25. h3 Rh7 26. Kg2 Ba6 27. b3 Bxc4 28. bxc4 Qa4
29. Qc3 Rhb7 30. Rfc1 Be7 31. Nxc5 dxc5 32. Qxe5 Qa3 33. Qe6+ Kh8 34. Qh6+ Kg8
35. Qe6+ Kh8 36. Rc2 Rb1 37. Rxb1 Rxb1 38. Qh6+ Kg8 39. Qg6+ Kf8 40. e5 hxg4
41. hxg4 Rb7 42. d6 Bd8 43. e6 Rg7 44. Qf5+ Kg8 45. Qd5 1-0

[Event "Server24Chess 2012"]
[Site "St. Ulrich"]
[Date "2012.06.09"]
[Round "8"]
[White "Van Foreest, Lucas"]
[Black "Zucchelli, M."]
[Result "0-1"]
[WhiteElo "1960"]
[BlackElo "2169"]
[PlyCount "128"]
[EventDate "2012.06.??"]

1. d4 Nf6 2. c4 e6 3. Nc3 Bb4 4. e3 c5 5. Nf3 Nc6 6. Bd3 Bxc3+ 7. bxc3 d6 8.
O-O e5 9. Qc2 O-O 10. Rd1 Qc7 11. Ng5 h6 12. Ne4 Nxe4 13. Bxe4 Rb8 14. dxc5
dxc5 15. Ba3 b6 16. Bd5 Na5 17. e4 Ba6 18. Qe2 Rbd8 19. Bc1 Bxc4 20. Bxc4 Rxd1+
21. Qxd1 Nxc4 22. Qe2 b5 23. a4 a6 24. axb5 axb5 25. g3 Qd7 26. Be3 Nxe3 27.
Qxe3 Qd6 28. Rb1 b4 29. cxb4 cxb4 30. Qe2 Rb8 31. Qc4 Kf8 32. Rb3 Qd4 33. Qc7
Rb6 34. Qc8+ Ke7 35. Qc7+ Ke8 36. Qc8+ Qd8 37. Qc4 Qb8 38. Kg2 Kf8 39. Kg1 Kg8
40. Kg2 g6 41. h4 h5 42. Kh2 Kg7 43. Kg2 Qd6 44. Rf3 Rb7 45. Rd3 Qc7 46. Qd5
Qe7 47. Kg1 Rc7 48. Kg2 Qc5 49. Qa8 Qc6 50. Qxc6 Rxc6 51. Rb3 Rc4 52. Kf3 f5
53. exf5 gxf5 54. Ke3 Kf6 55. Rd3 e4 56. Rd8 Rc3+ 57. Kd2 Rf3 58. Ke2 b3 59.
Rb8 Ke5 60. g4 hxg4 61. h5 g3 62. fxg3 Rxg3 63. h6 Rh3 64. Rh8 b2 0-1